| 000 | 00504cam a2200205ua 4500 | ||
|---|---|---|---|
| 001 | 2337 | ||
| 005 | 20260515113456.0 | ||
| 008 | 110806n ii |||gr||||Z||||||eng | ||
| 040 | _cMAIN | ||
| 082 | _a370.54 | ||
| 100 |
_aBora, _eAuthor. |
||
| 245 | 1 |
_aHistory of education in india _cby Bora |
|
| 250 | _a1st. | ||
| 260 |
_acalcutta: _bSribhumi publishing co. |
||
| 300 |
_a244p: _c23cm. |
||
| 653 | _aEducation | ||
| 653 | _ahistory of education in india | ||
| 700 |
_aDutta, _eAuthor. |
||
| 942 | _cBK | ||
| 999 |
_c2193 _d2193 |
||